Production of quality sawn timber from rubberwood logs: Some critical aspects (Record no. 48184)
[ view plain ]
| 000 -LEADER | |
|---|---|
| fixed length control field | 01106nam a2200205Ia 4500 |
| 100 ## - MAIN ENTRY--AUTHOR NAME | |
| Personal name | Damodaran K |
| 245 #0 - TITLE STATEMENT | |
| Title | Production of quality sawn timber from rubberwood logs: Some critical aspects |
| 260 ## - PUBLICATION, DISTRIBUTION, ETC. (IMPRINT) | |
| Name of publisher | Wood News |
| Year of publication | 1998 |
| 300 ## - PHYSICAL DESCRIPTION | |
| Number of Pages | 35-40 |
| 520 ## - SUMMARY, ETC. | |
| Summary, etc | Value-oriented utilisation of rubberwood primarily lies in evolving and adopting cost effective sawmilling technologies. This can be achieved by: Improving the present sawmilling practices for higher volume and value recovery of sawn timber. Employing sawmilling machinery and equipment suitable for small diameter logs. Adopting appropriate log grading, grade sawing and sawn timber grading practices. This is essential for a species like rubberwood which is projected as a potential wood for several sophisticated end uses apart from its present major usage as a packing timber. |
| 650 ## - SUBJECT ADDED ENTRY--TOPICAL TERM | |
| Topical Term | Grade sawing |
| 650 ## - SUBJECT ADDED ENTRY--TOPICAL TERM | |
| Topical Term | Log grading |
| 650 ## - SUBJECT ADDED ENTRY--TOPICAL TERM | |
| Topical Term | Rubberwood |
| 650 ## - SUBJECT ADDED ENTRY--TOPICAL TERM | |
| Topical Term | Sawing variation |
| 650 ## - SUBJECT ADDED ENTRY--TOPICAL TERM | |
| Topical Term | Sawmilling machinery |
| 650 ## - SUBJECT ADDED ENTRY--TOPICAL TERM | |
| Topical Term | Seasoning |
| 650 ## - SUBJECT ADDED ENTRY--TOPICAL TERM | |
| Topical Term | Treatment |
| 942 ## - ADDED ENTRY ELEMENTS (KOHA) | |
| Koha item type | Bibliography RLWO |
| Withdrawn status | Lost status | Damaged status | Not for loan | Home library | Current library | Date acquired | Serial Enumeration / chronology | Koha item type |
|---|---|---|---|---|---|---|---|---|
| Bibliography | RRII Library | RRII Library | 31/12/2021 | Volume 8, Issue 1 | Bibliography RLWO |